| 000 | 00835cam a2200265 a 4500 | ||
|---|---|---|---|
| 001 | 000002099 | ||
| 003 | DO-SdBNP | ||
| 005 | 20251112115145.0 | ||
| 008 | 760904s1978 ag a 001 0 spa | ||
| 020 | _a8428602514 | ||
| 020 | _a8428602522 | ||
| 040 |
_aDO-SdBNP _bspa _cBNPHU |
||
| 082 |
_a983.9 _bB891c |
||
| 100 | 1 |
_aBrugger, Karl _96751 |
|
| 240 | 1 | 0 |
_aDie Chronik von Akakor. _lEspañol |
| 245 | 1 | 3 |
_aLa crónica de Akakor / _cKarl Brugger. |
| 260 |
_aArgentina : _bPomaire, _c1978. |
||
| 300 |
_a270 p. : _bil. ; _c23 cm. |
||
| 534 |
_pTítulo original: _tDie Chronik von Akakor |
||
| 650 | 0 |
_aIndígenas de América del Sur _96752 |
|
| 651 | 0 |
_aAmérica del Sur _xHistoria _yGuerras de Independencia, 1806-1830 _vEnsayo, conferencias, etc. _94537 |
|
| 910 | _aCatalogación derivada | ||
| 910 | _aWM | ||
| 942 |
_2ddc _cLBS1 |
||
| 999 |
_c1959 _d1959 |
||